000 00702nam a2200205Ii 4500
003 JO-AjNU
008 230605s9999||||xx |||||||||||||| ||und||
040 _aJO-AjNU
_bara
_erda
_cJO-AjNU
041 _aara
050 1 4 _aF1408.27.G312 2001
100 3 _aكاليلنو، ادواردو؛ ترجمة اسامة اسبر,
_eauthor
_910388
245 0 0 _aذاكرة النار: قرن الريح = Memory Of Fire "Faces And Masks"
250 _aط1
264 3 1 _aدمشق: دار الطليعة الجديدة، 2001
300 _a236ص
336 _atext
_btxt
_2rdacontent
337 _aunmediated
_bn
_2rdamedia
338 _avolume
_bnc
_2rdacarrier
650 4 _aالذاكرة - العالم
_910389
999 _aA1781
_c5349
_d5349